| 000 | 00451nam a2200145Ia 4500 | ||
|---|---|---|---|
| 008 | 230917s9999||||xx |||||||||||||| ||und|| | ||
| 040 |
_e175872 _aMAIN |
||
| 041 | _aEnglish | ||
| 082 | _a891.491503741 DR536C | ||
| 100 | _aधनखड़, राजबीर सिंह | ||
| 245 | 0 | _aचकाचौधं | |
| 260 |
_aदिल्ली _bनिर्मल पब्लिकेशन्स् _c2007 |
||
| 300 | _a152 पृ. p. | ||
| 942 | _cHN | ||
| 999 |
_c147951 _d147951 |
||